Normal view
MARC view
- الانتخابات-العراق
Entry Topical Term
001 - CONTROL NUMBER
- control field: 64101
003 - CONTROL NUMBER IDENTIFIER
- control field: JO-AjAnu
005 - DATE AND TIME OF LATEST TRANSACTION
- control field: 20230606084447.0
008 - FIXED-LENGTH DATA ELEMENTS
- fixed length control field: 230606|| aca||aabn | a|a d
040 ## - CATALOGING SOURCE
- Original cataloging agency: JO-AjAnu
- Transcribing agency: JO-AjAnu
150 ## - HEADING--TOPICAL TERM
- Topical term or geographic name entry element: الانتخابات-العراق
670 ## - SOURCE DATA FOUND
- Source citation: Work cat.: (JO-AjAnu)32679: اعداد القسم السياسي لهيئة علماء المسلمين في العراق, author 64100, موقف هيئة علماء المسلمين من العملية السياسية وانتخابات عام (2005م): (مجموعة وثائق)